000 00768nam a2200289Ia 4500
001 96942
003 IT-RoPAU
008 130308s9999 xx 000 0 und d
040 _aIT-RoPAU
040 _cIT-RoPAU
041 _aITALIANO
100 _aTempera Mariangela
100 _gCodice Aut. SPICS: 33466
245 _a"Spazio simbolico delle ""weird sisters"" nel Macbeth (Lo)"
245 _bMacbeth dal testo Alla Scena
250 _a1a ed.
260 _aBOLOGNA
260 _bClueb
260 _c1982 [1° Ed.:1982 - Ed.Ling.Originale:1982]
300 _a"13 p. (prefazione: no ; testo: 13 [pagine: 77-89])"
650 _aSAGGI DI TEATRO
650 _eCodice materia Spics: 8411
942 _cBK
957 _71
999 _c62865
_d62865
999 _bSI
999 _g1